000 00559nam a22001457a 4500
003 MACL
005 20190601154930.0
008 190601b xxu||||| |||| 00| 0 eng d
040 _cMACL
100 _aमिश्र,डॉ. कुबेर
_975164
245 _aमोरिशस के भोजपुरी लोकगीतों का विवेचनात्‍मक अध्‍ययन
260 _aवाराणसी
_bसंदेश प्रकाशन
_c2017
650 _aलोकसाहित्‍य
_949528
942 _2ddc
_cHIN
999 _c59990
_d59990